00436nam a2200157Ia 45000010006000000050017000060080041000230410008000640820016000721000039000882450098001272600009002253000028002346500008002626540008002701333820260306164754.0260306t2016||||xx |||||||||||||| ||spa|| aESP a001.42bT13 aTafur Portilla, Raúl ArturoeAUT 0aCómo hacer un proyecto de investigación:buso de diagramas, matrices y mapas conceptuales c2016 a278 páginas :c24 cm. aGEN aCHU